Представление документа в формате MARC21

Поле Инд. ПП Название Значение
Тип записи a
Библиографический уровень s
001 Контрольный номер UNIDUBNA69e31f1df9d544d99d17bb8b49b71304
005 Дата корректировки 20251029161255.4
008 Кодируемые данные 20120922
022 0_ a ISSN 0320-0116 (print); 1726-7471 (online)
084 a Индекс другой классификации/Индекс ББК 30.13
090 a Полочн. индекс Сводное описание журнала
245 10 a Заглавие Письма в журнал технической физики
c Ответственность учредители: Российская академия наук (РАН). Физико-технический ин-т им. А. Ф. Иоффе РАН ; гл. ред. В. М. Устинов
246 01 a Другая форма заглавия Technical Physics Letters
260 a Место издания Санкт-Петербург
b Издательство ФТИ им. А. Ф. Иоффе
310 a Периодичность в н.в. 24 выпуска в год
362 1_ a Даты публикации или номер тома 1988 -
500 a Примечание Журнал, основан в 1975 году
520 0_ a Аннотация Журнал предназначен для срочной публикации кратких статей о последних достижениях в области физики, имеющих перспективу технического применения. Публикация в Письмах в ЖТФ не только не исключает, но и предполагает публикацию развернутых работ на ту же тему как в Журнале технической физики, так и в соответствующих специализированных журналах (Физика твердого тела, Физика и техника полупроводников, Радиотехника и электроника, Физика плазмы, Квантовая электроника и др.)
540 a Правовые условия Открытый доступ
b Поставщик/Провайдер Физико-технический институт им. А. Ф. Иоффе РАН
c Источник права лицензия Creative Commons
650 04 a Основная рубрика техническая физика
a Основная рубрика физика
856 40 a Имя сервера/домена Физико-технический институт им. А.Ф. Иоффе Российской академии наук
u URL https://journals.ioffe.ru/journals/4
z Примечание для пользователя Архив с 1988 г. по настоящее время
d Путь https://journals.ioffe.ru/
y Справочный текст Электронная версия
i Указания/сценарий входа Открытый доступ
900 a Имя электронного ресурса obl_Pisma_v_jurnal_tehnicheskoi_fiziki
x Справочная информация Обложка
901 t Тип документа u
952 a Тип литературы для КСУ ВШ НЖ